Регионална библиотека "Любен Каравелов" - Русе

Вътрешни болести (Запис номер 31642)

MARC детайли
000 -Лидер
Контролно поле с фиксирана дължина 01188nam a2200313 c 4500
003 - Код на организацията, давaща контролен номер
Контролно поле BLK
005 - Дата и час на последна редакция
Контролно поле 20180422100029.0
008 - Елементи от данни с фиксирана дължина
fixed length control field 180407b bul|||||r ||||||| ||bul||
010 ## - Наследен системен номер
LC control number KNG00034300000
020 ## - Международен стандартен номер на книга ISBN
Международен стандартен номер на книга ISBN 954-420-203-Х
-- издат.: Медицина и физкултура
040 ## - Източник на каталожния запис
Идентификатор на билиотеката - собственик на записа BLK
041 ## - Код за език
Код за езика на текст/звукозапис или на отделно заглавие Български
Код за езика КДБФ Български
080 ## - УДК
Текстов определител УДК Вътрешни болести
УДК код - определител по УДК 616.1/.4
УДК определител (075.8)
УДК - код + определител 616.1/.4(075.8)
100 1# - Редна дума - Автор
Автор Коларски, Валентин Тодоров
Авторска отговорност първи автор
R(LIN) 364487
139 ## - Редно поле
Редна дума Вътрешни болести
Авторски знак Въс - В 98
245 10 - Сведения за заглавието
Заглавие Вътрешни болести
Подзаглавни данни Учебник за студенти по стоматология
Редно поле (дума) Валентин Тодоров Коларски.
250 ## - Област на изданието
Сведения за изданието 2. доп. изд
257 ## - Страна на издаване
Страна на създаване/издаване България
260 ## - Област на издателските данни
-- София
Име на издателя, разпространителя и проч. Медицина и физкултура
Година на издаване 1999
300 ## - Физическа характеристика
Страници 451 с.
Илюстрации и др. с ил.
Размери/Мащаб 24 см
380 ## - Жанр
Жанр Медицина
650 #4 - Допълнително описание по предмет – тема
Основно описание – тема или топоним Вътрешни болести - учебници за ВУЗ
9 (RLIN) 244372
653 ## - Ключова дума – ненормативна
Ключова дума вътрешни болести
852 ## - Местоположение
Форматна сигнатура Цб 206681
856 4# - Електронен адрес и достъп
Електронен формат pdf - файл
Път до файла /url/
856 4# - Електронен адрес и достъп
Електронен формат pdf - файл
Път до файла /url/
942 ## - АРТИКУЛИ
Вид на библиотечния материал Книги
Скрит в OPAC Не
944 ## - СЪЗДАВАНЕ И РЕДАКЦИЯ на ЗАПИСА
Създаване/Редакция Създаване
Дата на регистрацията/редакция 15.01.2003
Служител, извършил регистрацията/редакцията Кети_Илиева
944 ## - СЪЗДАВАНЕ И РЕДАКЦИЯ на ЗАПИСА
Създаване/Редакция Редакция
Дата на регистрацията/редакция 04.09.2006
Служител, извършил регистрацията/редакцията
999 ## - СИСТЕМНИ КОНТРОЛНИ НОМЕРА
Koha biblionumber 31642
Koha biblioitemnumber 31642
Наличности
Код за отписване Код за изгубен артикул Източник на класификационната схема Код за повреда Коз за рестрикции Код за отдаване Артикулен № Име на библиотеката - собственик Име на библиотеката, в която се намира в момента Статус (Текущо местоположение) Дата на вписване в системата Местоположение - отдел Цена в лева Инвентарен номер Систематично азбучна сигнатура Баркод Номер на екземпляра Цена в евро Служебна бележка Служебен тип на артикула
  Не е изгубен Universal Decimal Classification Не е повреден без рестрикции ползва се в читалня 50375 Регионална библиотека "Любен Каравелов" Русе Регионална библиотека "Любен Каравелов" Русе Читалня 2001-01-01 Читалня 18.20 660282 Ч 616.1/.4/В 98 120000660282 1 9.31 Дата инв: 20.03.2017 Бележки инв: Ч2017 Книги
  Не е изгубен   Не е повреден без рестрикции ползва се в читалня 50376 Регионална библиотека "Любен Каравелов" Русе Регионална библиотека "Любен Каравелов" Русе Хранилище 2002-12-12 Основен фонд - ползва се само за читалня 16.00 120000673908 Цб 206681 120000673908 2 8.18 Дост: Pk Вид: Ф N: 408 Дата: 20.12.2001 Книги
Vip Innovations Ltd, Rousse, Bulgaria 2025